Membres de NCT - Statistiques

Statistiques générales
  • Ce quiz a été pris 303 fois
  • Le résultat moyen est 22 sur 25
Statistiques - réponses
Sous-unités Nom du membre Nationalité % Correct
NCT 127 / NCT U / NCT DoJaeJung Jaehyun Corée du Sud
99%
NCT 127 / NCT Dream (L) / NCT U Mark Canada
99%
NCT 127 / NCT U / NCT DoJaeJung Doyoung Corée du Sud
97%
NCT 127 / NCT Dream / NCT U Haechan Corée du Sud
97%
NCT 127 / NCT U Johnny États-Unis
97%
NCT 127 / NCT U / NCT DoJaeJung Jungwoo Corée du Sud
97%
WayV / NCT U Ten Thaïlande
97%
NCT Dream / NCT U Jeno Corée du Sud
96%
NCT 127 (L) / NCT U + NCT (L) Taeyong Corée du Sud
96%
NCT Dream / NCT U Chenle Chine
94%
NCT Dream / NCT U Jaemin Corée du Sud
94%
NCT 127 / NCT U Yuta Japon
94%
NCT Dream / NCT U Jisung Corée du Sud
92%
NCT Dream / NCT U Renjun Chine
92%
WayV / NCT U Winwin Chine
92%
WayV / NCT U Xiaojun Chine
91%
WayV (L) / NCT U Kun Chine
89%
WayV / NCT U Hendery Macao
88%
WayV / NCT U Yangyang Taïwan
88%
NCT Wish (L) Sion Corée du Sud
71%
NCT Wish Sakuya Japon
70%
NCT Wish Riku Japon
67%
NCT Wish Ryo Japon
67%
NCT Wish Yushi Japon
65%
NCT Wish Jaehee Corée du Sud
63%
Aucun quiz correspondant
Distribution des résultats
% des personnes avec chaque résultat
Percentile par nombre de réponses
Votre historique - résultats
Vous n’avez pas pris ce quiz